Normal view
MARC view
Entry Personal Name
001 - CONTROL NUMBER
- control field: 163396
003 - CONTROL NUMBER IDENTIFIER
- control field: OSt
005 - DATE AND TIME OF LATEST TRANSACTION
- control field: 20220923214658.0
008 - FIXED-LENGTH DATA ELEMENTS
- fixed length control field: 220923|| aca||aabn | a|a d
040 ## - CATALOGING SOURCE
- Original cataloging agency: OSt
- Transcribing agency: OSt
100 ## - HEADING--PERSONAL NAME
- Personal name: आरिगपूडि, ए0 रमेश चौधरी
670 ## - SOURCE DATA FOUND
- Source citation: Work cat.: (OSt)325738: आरिगपूडि, ए0 रमेश चौधरी, विचित्र निदान, 1973
